000 01544nam a2200481 i 4500
001 43417
003 KOSZ 005
005 20201008114501.0
008 030909s2003 pl a f |001 0 pol
015 _aUWD 2003/15378
020 _a832042836X
035 _a991021492139705066
035 _a(PL-WaBN)b15811955-48omnis_nlop
035 _ab15811955
035 _a(OCoLC)749207175
035 _a(PL)b0000001581195
035 _a(EXLNZ-48OMNIS_NETWORK)9910396728005606
040 _aWA N
_cWA N
_dWA N
_dKOSZ 005/HR
041 0 _apol
046 _k2003
080 _a621.43
080 _a621.1
080 _a(07)
100 1 _aWajand, Jan Aleksander
_d(1929-2019)
_eAutor
245 1 0 _aDoświadczalne tłokowe silniki spalinowe /
_cJan A. Wajand.
260 _aWarszawa :
_bWydawnictwa Naukowo-Techniczne,
_c2003.
300 _a187, [2] s. :
_bil. ;
_c24 cm.
336 _aTekst
_btxt
_2rdacontent
337 _aBez urządzenia pośredniczącego
_bn
_2rdamedia
338 _aWolumin
_bnc
_2rdacarrier
380 _aKsiążki
388 _a2001-
504 _aBibliogr. przy rozdz. Indeks.
650 7 _aSilniki spalinowe
_2DBN
650 7 _aSilniki tłokowe
_2DBN
650 7 _aBudowa i konstrukcje
655 7 _aPodręcznik
_2DBN
658 _aInżynieria i technika
710 2 _aWydawnictwa Naukowo-Techniczne
_4pbl
856 _uhttp://koha.tu.koszalin.pl/cgi-bin/koha/opac-detail.pl?biblionumber=43417
_yKatalog online BPK
942 _2UKD
_cKS
999 _c43417
_d43417